000 00976nam a2200229Ia 4500
001 19459
003 GE_BSU
008 181216s||||||||xx |||||||||||||| ||und||
040 _cGE_BSU
080 _a81(479.22)(092)
245 _aარნოლდ ჩიქობავას დაბადების 80 წლისთავისადმი მიძღვნილი კრებული
245 _cრედ:შ.ძიძიგური
260 _aთბილისი
260 _bმეცნიერება
260 _c1979
300 _a264გვ, 1ფ. პორტრ, 26სმ
300 _bზოგიერთი სტატია რუს. გერმ. ფრანგ. ენ..
541 _h4ლ.20თ.
653 _aქართველი ენათმეცნიერები; ქართველური ენები; ქართული ენა;
653 _aქართული ენა
942 _cBK
999 _c52437
_d52437